Lanean...
Dalit sahityam /
| Egile nagusia: | |
|---|---|
| Hizkuntza: | Undetermined |
| Argitaratua: |
Kottayam :
Current Books ,
2001.
|
| Gaiak: |
| LEADER | 00513nam a2200157Ia 4500 | ||
|---|---|---|---|
| 001 | 146154 | ||
| 008 | 170722s9999 xx 000 0 und d | ||
| 020 | |a 8124010765 | ||
| 100 | |a Murali, Kaviyoor | ||
| 245 | |a Dalit sahityam / | ||
| 260 | |a Kottayam : |b Current Books , |c 2001. | ||
| 300 | |a 324p |c 22cms | ||
| 653 | |a Dalit Literature | ||
| 942 | |c GEN | ||
| 999 | |c 124321 |d 124321 | ||
| 952 | |0 0 |1 0 |4 0 |6 OOBY_5927_000000000000000_32P1KR |7 0 |8 KR |9 175669 |a LIB |b LIB |d 2017-08-12 |o OobY5927 32P1(KR) |p 244200 |r 2017-08-12 |v 125.00 |w 2017-08-12 |y GEN | ||